000 01597nam a22002897a 4500
001 121466
008 230412s2023 xxk|||||o|||| 00| 0 eng d
020 _a9781783214570
041 _aeng
100 _aBailey, Ian
110 _aRoyal Institution of Chartered Surveyors
245 _aBenchmarking in the rural sector
_h[Electronic resource]
250 _a1st
260 _aLondon,
_bRoyal Institution of Chartered Surveyors,
_cApril 2022
490 _aRICS Insight
520 _aThis Insight paper provides a holistic overview of benchmarking, its applicability to the rural sector and provides an insight into available tools and what some in the sector are currently measuring and benchmarking with some real-life case study examples. Preliminary research for this Insight paper indicates that the current use of benchmarking tools is inconsistent across the rural sector. One of the key findings of the paper itself highlights the clear need for some consistency in benchmarking performance of rural estates and rural land-based businesses, which often have a diverse range of assets and income streams, coupled with diverse ownership motives, which RICS will be further exploring.
650 _aBENCHMARKING
650 _aESTATE MANAGEMENT
650 _aFORESTRY
650 _aRURAL LAND
651 _aUnited Kingdom
690 _96268
_aRural
700 _aBailey, Ian
710 _aRoyal Institution of Chartered Surveyors
856 _uhttps://www.rics.org/news-insights/research-and-insights/benchmarking-in-the-rural-sector
_zAvailable free on RICS.org
942 _n0
999 _c121466
_d121466